Madre amable : (Registro nro. 52418)
[ vista simple ]
| 000 -CABECERA | |
|---|---|
| campo de control de longitud fija | 00614nam a22001937a 4500 |
| 003 - IDENTIFICADOR DEL NÚMERO DE CONTROL | |
| campo de control | DO-SdBNP |
| 005 - FECHA Y HORA DE LA ÚLTIMA TRANSACCIÓN | |
| campo de control | 20220916152019.0 |
| 007 - CAMPO FIJO DE DESCRIPCIÓN FÍSICA--INFORMACIÓN GENERAL | |
| campo de control de longitud fija | ta |
| 008 - DATOS DE LONGITUD FIJA--INFORMACIÓN GENERAL | |
| campo de control de longitud fija | 220916b |||||||| |||| 00| 0 spa d |
| 040 ## - FUENTE DE LA CATALOGACIÓN | |
| Centro catalogador/agencia de origen | DO-SdBNP |
| Lengua de catalogación | spa |
| Centro/agencia transcriptor | BNPHU |
| 082 #4 - NÚMERO DE LA CLASIFICACIÓN DECIMAL DEWEY | |
| Número de edición | 22 |
| Número de clasificación | 242.08 |
| Número de documento/Ítem | E279m |
| 100 10 - ENTRADA PRINCIPAL--NOMBRE DE PERSONA | |
| Nombre de persona | Efren, Jorge |
| Término indicativo de función/relación | Padre |
| 9 (RLIN) | 82401 |
| 245 10 - MENCIÓN DE TÍTULO | |
| Título | Madre amable : |
| Resto del título | como la Santa Virgen nos muestra en bondad / |
| Mención de responsabilidad, etc. | Efren, Jorrge ; Carmelita Descalzo |
| 260 ## - PUBLICACIÓN, DISTRIBUCIÓN, ETC. | |
| Lugar de publicación, distribución, etc. | La Vega, República Dominicana |
| Nombre del editor, distribuidor, etc. | El Progreso De, R.A.Ramos, |
| Fecha de publicación, distribución, etc. | 1916. |
| 300 ## - DESCRIPCIÓN FÍSICA | |
| Extensión | 488 p.; |
| Dimensiones | 21 cm |
| 500 ## - NOTA GENERAL | |
| Nota general | Incluye prefacio. |
| 590 ## - NOTA LOCAL (RLIN) | |
| Nota local | Inventariado, 2022/ SA |
| 942 ## - ELEMENTOS DE PUNTO DE ACCESO ADICIONAL (KOHA) | |
| Fuente del sistema de clasificación o colocación | Dewey Decimal Classification |
| Tipo de ítem Koha | Libro |
| Estado de retiro | Estado de pérdida | Fuente del sistema de clasificación o colocación | Restricciones de uso | No para préstamo | Código de colección | Localización permanente | Ubicación/localización actual | Ubicación en estantería | Fecha de adquisición | Fuente de adquisición | Total de préstamos | Signatura topográfica completa | Código de barras | Fecha visto por última vez | Precio válido a partir de | Tipo de ítem Koha | Nota pública |
|---|---|---|---|---|---|---|---|---|---|---|---|---|---|---|---|---|---|
| Dewey Decimal Classification | Excluido de préstamo | Patrimonio Dominicano | Biblioteca Nacional Pedro Henríquez Ureña | Biblioteca Nacional Pedro Henríquez Ureña | En catalogación | 07.02.2013 | Donado | BNPHU PD 242.08 E279m | 2022-3980 | 16.09.2022 | 16.09.2022 | Libro | S/A |
